00617nam a2200145Ia 4500008004100000050002400041100002400065245011600089260008600205300002000291521002700311942000700338999001900345952010700364140724s9999 xx 000 0 und d aTS 155b.So699 2012 aSoñas, Abegail T. aInstitutional research monitoring system of Southville International School and Colleges /cAbegail T. Soñas. aLas Piñas, Philippines :bSouthville International School and Colleges,cc2012. a70 p. :c28 cm. aInformation Technology cTH c228796d228796 001040aCLbCLcTHESESd2014-07-24l0oTS 155 .So699 2012pT0150r2018-05-15 00:00:00w2014-07-24yTH